<?xml version="1.0" encoding="UTF-8"?>
<record
    xmlns:xsi="http://www.w3.org/2001/XMLSchema-instance"
    xsi:schemaLocation="http://www.loc.gov/MARC21/slim http://www.loc.gov/standards/marcxml/schema/MARC21slim.xsd"
    xmlns="http://www.loc.gov/MARC21/slim">

  <leader>     nam a22     7a 4500</leader>
  <datafield tag="999" ind1=" " ind2=" ">
    <subfield code="c">336612</subfield>
    <subfield code="d">336612</subfield>
  </datafield>
  <controlfield tag="003">IT-MiCISF</controlfield>
  <controlfield tag="005">20170412122343.0</controlfield>
  <controlfield tag="008">170412b        xxu||||| |||| 00| 0 eng d</controlfield>
  <datafield tag="040" ind1=" " ind2=" ">
    <subfield code="c">IT-MiCISF</subfield>
  </datafield>
  <datafield tag="041" ind1=" " ind2=" ">
    <subfield code="a">it</subfield>
  </datafield>
  <datafield tag="100" ind1=" " ind2=" ">
    <subfield code="a">Terminio Nicol&#xF2;</subfield>
    <subfield code="9">56387</subfield>
  </datafield>
  <datafield tag="245" ind1=" " ind2=" ">
    <subfield code="a">Siamo pronti per un figlio?</subfield>
    <subfield code="b">Amarsi e diventare genitori</subfield>
  </datafield>
  <datafield tag="260" ind1=" " ind2=" ">
    <subfield code="a">Cinisello B. (MI)</subfield>
    <subfield code="b">San Paolo</subfield>
    <subfield code="c">2015</subfield>
  </datafield>
  <datafield tag="300" ind1=" " ind2=" ">
    <subfield code="a">pp. 104</subfield>
  </datafield>
  <datafield tag="500" ind1=" " ind2=" ">
    <subfield code="a">genitorialit&#xE0;, primo-figlio, psiconalisi, rapporti-intergenerazionali, educazione, prevenzione</subfield>
  </datafield>
  <datafield tag="520" ind1=" " ind2=" ">
    <subfield code="a">"Siamo davvero pronti per un figlio?" Questa domanda probabilmente risuona in ogni giovane coppia, per la quale alle difficolt&#xE0; del mondo esterno si sommano le insicurezze di fronte a un compito che pu&#xF2; sembrare arduo. Ma la "generativit&#xE0;" di una coppia non &#xE8; solo quella che si realizza nel mettere al mondo un figlio. La coppia genera non soltanto nel metterlo al mondo e nell&#x2019;offrirgli le cure necessarie, ma &#xE8; una coppia che genera anche quando inserisce i figli tra le generazioni e permette la loro realizzazione personale. La generativit&#xE0; della coppia si realizza, infine, anche nella sua apertura ai legami sociali, quando fornisce guida e sostegno alla crescita delle nuove generazioni e non solo ai propri figli. Questo volume unisce storie vere di coppie accompagnate dall'autore in un percorso psicoterapeutico e riflessioni concrete e utili, capaci di far progredire in un percorso "a due".</subfield>
  </datafield>
  <datafield tag="650" ind1=" " ind2=" ">
    <subfield code="a">genitorialit&#xE0;</subfield>
    <subfield code="9">56044</subfield>
  </datafield>
  <datafield tag="654" ind1=" " ind2=" ">
    <subfield code="a">saggio</subfield>
  </datafield>
  <datafield tag="942" ind1=" " ind2=" ">
    <subfield code="2">ddc</subfield>
    <subfield code="c">BK</subfield>
  </datafield>
  <datafield tag="952" ind1=" " ind2=" ">
    <subfield code="0">0</subfield>
    <subfield code="1">0</subfield>
    <subfield code="2">ddc</subfield>
    <subfield code="4">0</subfield>
    <subfield code="6">A_2218_000000000000000</subfield>
    <subfield code="7">1</subfield>
    <subfield code="a">CISF</subfield>
    <subfield code="b">CISF</subfield>
    <subfield code="d">2017-04-12</subfield>
    <subfield code="l">0</subfield>
    <subfield code="o">a2218</subfield>
    <subfield code="p">9788821594656</subfield>
    <subfield code="r">2017-04-12 00:00:00</subfield>
    <subfield code="w">2017-04-12</subfield>
    <subfield code="y">BK</subfield>
  </datafield>
</record>
